<?xml version="1.0" encoding="UTF-8"?><?xml-stylesheet type="text/xsl" href="static/style.xsl"?><OAI-PMH xmlns="http://www.openarchives.org/OAI/2.0/" xmlns:xsi="http://www.w3.org/2001/XMLSchema-instance" xsi:schemaLocation="http://www.openarchives.org/OAI/2.0/ http://www.openarchives.org/OAI/2.0/OAI-PMH.xsd"><responseDate>2026-06-01T10:35:07Z</responseDate><request verb="GetRecord" identifier="oai:riuma.uma.es:10630/35670" metadataPrefix="marc">https://riuma.uma.es/rest/oai/request</request><GetRecord><record><header><identifier>oai:riuma.uma.es:10630/35670</identifier><datestamp>2026-02-03T11:07:32Z</datestamp><setSpec>com_10630_2254</setSpec><setSpec>col_10630_37953</setSpec></header><metadata><record xmlns="http://www.loc.gov/MARC21/slim" xmlns:dcterms="http://purl.org/dc/terms/" xmlns:doc="http://www.lyncode.com/xoai" xmlns:xsi="http://www.w3.org/2001/XMLSchema-instance" xsi:schemaLocation="http://www.loc.gov/MARC21/slim http://www.loc.gov/standards/marcxml/schema/MARC21slim.xsd">
   <leader>00925njm 22002777a 4500</leader>
   <datafield ind2=" " ind1=" " tag="042">
      <subfield code="a">dc</subfield>
   </datafield>
   <datafield ind2=" " ind1=" " tag="720">
      <subfield code="a">Henn, Dominic</subfield>
      <subfield code="e">author</subfield>
   </datafield>
   <datafield ind2=" " ind1=" " tag="720">
      <subfield code="a">Bandner-Risch, Doris</subfield>
      <subfield code="e">author</subfield>
   </datafield>
   <datafield ind2=" " ind1=" " tag="720">
      <subfield code="a">Perttunen, Hilja</subfield>
      <subfield code="e">author</subfield>
   </datafield>
   <datafield ind2=" " ind1=" " tag="720">
      <subfield code="a">Schmied, Wolfram</subfield>
      <subfield code="e">author</subfield>
   </datafield>
   <datafield ind2=" " ind1=" " tag="720">
      <subfield code="a">Porras-Martín, Carlos</subfield>
      <subfield code="e">author</subfield>
   </datafield>
   <datafield ind2=" " ind1=" " tag="720">
      <subfield code="a">Rodríguez-Losada, Noela</subfield>
      <subfield code="e">author</subfield>
   </datafield>
   <datafield ind2=" " ind1=" " tag="720">
      <subfield code="a">Schäfers, Hans-Joachim</subfield>
      <subfield code="e">author</subfield>
   </datafield>
   <datafield ind2=" " ind1=" " tag="260">
      <subfield code="c">2013</subfield>
   </datafield>
   <datafield ind2=" " ind1=" " tag="520">
      <subfield code="a">Hypertension and congenital aortic valve malformations are frequent causes of ascending aortic aneurysms. The molecular&#xd;
mechanisms of aneurysm formation under these circumstances are not well understood. Reference genes for gene activity&#xd;
studies in aortic tissue that are not influenced by aortic valve morphology and its hemodynamic consequences, aortic&#xd;
dilatation, hypertension, or antihypertensive medication are not available so far. This study determines genes in ascending&#xd;
aortic tissue that are independent of these parameters. Tissue specimens from dilated and undilated ascending aortas were&#xd;
obtained from 60 patients (age #70 years) with different morphologies of the aortic valve (tricuspid undilated n = 24,&#xd;
dilated n = 11; bicuspid undilated n = 6, dilated n = 15; unicuspid dilated n = 4). Of the studied individuals, 36 had&#xd;
hypertension, and 31 received ACE inhibitors or AT1 receptor antagonists. The specimens were obtained intraoperatively&#xd;
from the wall of the ascending aorta. We analyzed the expression levels of 32 candidate reference genes by quantitative RTPCR (RT-qPCR). Differential expression levels were assessed by parametric statistics. The expression analysis of these 32&#xd;
genes by RT-qPCR showed that EIF2B1, ELF1, and PPIA remained constant in their expression levels in the different&#xd;
specimen groups, thus being insensitive to aortic valve morphology, aortic dilatation, hypertension, and medication with&#xd;
ACE inhibitors or AT1 receptor antagonists. Unlike many other commonly used reference genes, the genes EIF2B1, ELF1, and&#xd;
PPIA are neither confounded by aortic comorbidities nor by antihypertensive medication and therefore are most suitable for&#xd;
gene expression analysis of ascending aortic tissue.</subfield>
   </datafield>
   <datafield ind1="8" ind2=" " tag="024">
      <subfield code="a">https://hdl.handle.net/10630/35670</subfield>
   </datafield>
   <datafield ind1="8" ind2=" " tag="024">
      <subfield code="a">10.1371/journal.pone.0054132</subfield>
   </datafield>
   <datafield tag="653" ind2=" " ind1=" ">
      <subfield code="a">Aneurismas aórticos</subfield>
   </datafield>
   <datafield ind2="0" ind1="0" tag="245">
      <subfield code="a">Identification of Reference Genes for Quantitative RT-PCR in Ascending Aortic Aneurysms.</subfield>
   </datafield>
</record>
</metadata></record></GetRecord></OAI-PMH>